000 01099cam a2200301 a 4500
999 _c9049
_d9049
001 9049
003 BD-JhCC
005 20180307193751.0
008 851029s1985 miu b 001 0 eng
020 _a0810320517
020 _a0582902630 (Longman)
035 _a(BD-JhCC)9049
040 _aDLC
_cDLC
_dDLC
_dBD-JhCC
041 _aeng
050 0 0 _aJX4408
_b.D44 1985
082 0 0 _a341.4/5
_219
_bDEG 1985
100 1 _aDegenhardt, Henry W.
245 1 0 _aMaritime affairs--a world handbook :
_ba reference guide to maritime organizations, conventions, and disputes, and to the international politics of the sea /
_ccompiled and written by Henry W. Degenhardt ; editorial consultant, Brian Meredith ; general editor, Alan J. Day.
260 _aDetroit :
_bGale Research Co. ;
_aHarlow, Essex, U.K. :
_bLongman Group,
_cc1985.
300 _aviii, 412 p. ;
_c26 cm.
440 2 _aA Keesing's reference publication
500 _aIncludes index.
504 _aBibliography: p. 385-390.
650 0 _aLaw of the sea.
700 1 _aDay, Alan J.
_q(Alan John)
942 _2ddc
_cBK